02714cam a2200313 i 4500001001000000003000900010005001700019007000300036008004100039040003000080041000800110082002200118100005000140245020000190264012900390300002700519336002700546337003300573338002800606500007000634500007300704504003800777505125900815586010602074650001902180650006602199650005702265710007802322000004568DO-SdBNP20260516190336.0ta880711s2015 dr r 000 0 spa  aDO-SdBNPbspacBNPHUerda aspa 4a341.37bA162m2231 aAbreu Comas, Neris Nelio,d1955-eautor4aut.10aMarco regulatorio de los actos jurídicos vinculantes firmados con la República Dominicana :bactos jurídicos internacionales no aprobados por el Congreso Nacional /cNeris Nelio Abreu Comas 1aSanto Domingo, Distrito Nacional, República Dominicana : bInstituto Nacional de Administración Pública (INAP),c2015 a218 páginas ;c24 cm atextobtxt2rdacontent asin mediaciónbn2rdamedia avolumenbnc2rdacarrier aIncluye datos biográficos del autor en la solapa de la cubierta aIncluye referencias bibliográficas y notas al pie de las páginas aBibliografía: páginas 213-218 aPresentación, Dra. Celenia Vidal, 13 -- Introducción, 15 -- Palabras claves, 19 -- Antecedentes y evolución de las obligaciones o actos jurídicos vinculantes, 21 -- Los actos jurídicos vinculantes internacionales, 37 -- El Derecho Constitucional comparado y los actos jurídicos vinculantes, 53 -- Fuentes del derecho internacional doctrinario y los actos jurídicos vinculantes,75 -- Controversias en la Constitución Dominicana y leyes orgánicas referentes a los actos jurídicos vinculantes internacionales suscritos en la República Dominicana, 89 -- Los actos jurídicos internacionales vinculantes y su relación con instituciones y las leyes generales, 115 Ley 1486 sobre Legalidad de los actos jurídicos del Estado y los actos jurídicos vinculantes internacionales, 115 -- El derecho administrativo y los actos jurídicos vinculantes, 127 - Los actos jurídicos internacionales vinculantes aprobados por el Congreso Dominicano, 145 -- Los actos jurídicos vinculantes internacionales eximidos de aprobación congresual en la República Dominicana, 155 -- Principales controversias jurídicas respecto al estatus legal de los actos vinculantes internacionales suscritos y no aprobados por el congreso o parlamento, 185 aEnsayo ganador del sengundo lugar : Premio Nacional de Administración Pública (primera versión) 72lembaTratados 72lembaDerecho internacional públicozRepública Dominicana 72lembaDerecho constitucionalzRepública Dominicana aInstituto Nacional de Administración Pública (República Dominicana)